00801nam a2200205 i 4500001001100000003000500011005001700016008004100033040002500074082001800099100002800117245010200145264005700247300002300304336002100327337002500348338002300373500015600396650004300552C2-0335394PPAK20180728134825.0160107s1996 mau |||| ||||| | eng d aPPAKbengcPPAKerda04a387.706832230 aHeikal Ismail, eauthor10aCompetitive challenges and strategies in the UK Airline industry : ba case of two major airlines 1aCambridge : bAnglia Polytechnic University , c1996 a95 pages ; c30 cm 2rdacontentatext 2rdamediaaunmediated 2rdacarrieravolume aA dissertation in partial fufilment of the requirements of Anglia Polytechnic University, Cambridge for the Degree of Master of Business Administration10aAirlines - Great Britain - Management.